000
00218nam a2200085Ia 4500
008
211105s9999 xx 000 0 und d
020
_a
"
100
_a
SPENCER, Scott
_9
125782
245
2
_a
A ship made of paper : a novel
999
_c
595825
_d
595824